| 000 | 00477nam a2200133Ia 4500 | ||
|---|---|---|---|
| 008 | 260210s9999 xx 000 0 und d | ||
| 024 | _a99A-14-EE, 99A-13-EE, 99A-01-EE & 99A-03-EE | ||
| 082 | _a621.38215072 ANA | ||
| 100 | _aAnas Bin Taj, M. Mumtaz-ul-Haq, Zeeshan Tariq & Aamir Mohyuddin | ||
| 245 | 0 | _aRF Link Based PC Controlled Scrolling Display | |
| 260 |
_aKarachi: _bUITU, _c1999 |
||
| 600 | _aElectronic Engineering | ||
| 650 | _aBachelor of Engineering (BE) | ||
| 999 |
_c32864 _d32864 |
||